000 00887nam a2200253Ia 4500
003 GCL
008 140319s9999 xx 000 0 ara d
040 _aGCL /
_cGCL
082 0 4 _a320.12
_bع ق
100 1 _aعبدالله فؤاد ربيعى
245 1 0 _aقضايا الحدود السياسية للسعودية والكويت ما بين الحربين العالمتين /
_cعبدالله فؤاد ربيعى
260 _a[S.N] :
_bمكتبة مدبولى
300 _a111 ص
490 _a
650 0 4 _aالعصر الحديث
650 0 4 _aالكويت
650 0 4 _aتاريخ
650 0 4 _aالسعودية
650 0 4 _aالحدود السياسية
650 0 4 _aالجغرافيا السياسية
650 0 4 _aالحرب العالمية الاولى 1914- 1918
650 0 4 _aالحرب العالمية الثانية 1939 - 1945
942 _2ddc
_cBK
999 _c30438
_d30438